Statistiques concernant Palmarès total de Cristiano Ronaldo

Cliquez ici pour prendre le quiz!

Statistiques générales

  • Ce quiz a été pris 402 fois
  • Le résultat moyen est 13 sur 25

Statistiques - réponses

NOMBRE DE FOISANNÉE(S)TITRE% Correct
22012/2017Liga
89%
42014/2016/2017/2018Ligue des Champions
85%
12008Ligue des champions
85%
52008/2013/2014/2016/2017Ballon d'Or
83%
12016Euro
79%
32007/2008/2009Premier League
79%
22011/2014Coupe du Roi
72%
12004FA Cup
72%
22019/2020Série A
71%
12019Ligue des Nations
64%
42008/2011/2014/2015Soulier d'Or
61%
12021Coupe d'Italie
55%
12008Coupe du Monde des clubs
48%
32014/2016/2017Coupe du Monde des clubs
48%
12006/2009League Cup
48%
22012/2017Supercoupe d'Espagne
43%
32004/2008/2009Community Shield
35%
32014/2016/2017Supercoupe de l'UEFA
35%
22019/2021Supercoupe d'Italie
35%
22016/2017Trophée The Best
30%
12009Prix Puskas
28%
32011/2014/2015Trophée Pichichi
16%
12003Supercoupe du Portugal
11%
32014/2016/2017Joueur de l'année UEFA
9%
22008/2013Onze d'or
5%

Distribution des résultats

Percentile par nombre de réponses

% des personnes avec chaque résultat

Votre développement - résultats

Vous n’avez pas pris ce quiz